[Event "Challenge"]
[Site "http://www.queenalice.com/game.php?id=1839290"]
[Date "2024.6.28"]
[Round "-"]
[White "jpribeiro"]
[Black "bonow"]
[Result "0-1"]
[WhiteElo "1689"]
[BlackElo "2228"]

1. e4 e5 2. d4 exd4 3. Qxd4 Nc6 4. Qe3 d6 5. c4 Nf6 6. Nc3 Be7 7. Bd2 Ng4 8. Qg3
Bh4 9. Qf3 Nd4 10. Qd3 c5 11. g3 Ne5 12. Qb1 Bf6 13. f4 Nef3+ 14. Nxf3 Nxf3+ 0-1

[Event "Challenge"]
[Site "http://www.queenalice.com/game.php?id=1839291"]
[Date "2024.6.28"]
[Round "-"]
[White "bonow"]
[Black "jpribeiro"]
[Result "1-0"]
[WhiteElo "2259"]
[BlackElo "1670"]

1. c4 e5 2. Nc3 c5 3. Nf3 Nc6 4. e3 Nf6 5. d4 cxd4 6. exd4 exd4 7. Nxd4 g6 8.
Be3 Bg7 9. Be2 O-O 10. O-O Re8 11. Ndb5 a6 12. Nd6 Re6 13. c5 b5 14. Bf3 Bf8 15.
Nd5 Bxd6 16. cxd6 Rxd6 17. Bg5 Bb7 18. Rc1 Kg7 19. Re1 h6 20. Bf4 Re6 21. Nc7
Rc8 22. Nxe6+ fxe6 23. Qd2 g5 24. Bd6 1-0

[Event "Challenge"]
[Site "http://www.queenalice.com/game.php?id=1839871"]
[Date "2024.7.7"]
[Round "-"]
[White "giobonatto"]
[Black "bonow"]
[Result "0-1"]
[WhiteElo "2328"]
[BlackElo "2213"]

1. c4 e5 2. f3 d6 3. Nc3 Nc6 4. e4 Nf6 5. d3 Be7 6. Be2 Bd7 7. f4 O-O 8. Nf3 Nd4
9. a4 a6 10. b3 c6 11. Ra2 Qa5 12. Bd2 Nxf3+ 13. Bxf3 Qc5 14. a5 Qd4 15. f5 Qxd3
16. Qc1 Nd5 17. exd5 Bh4+ 18. Kd1 Bxf5 19. dxc6 e4 20. cxb7 exf3 21. bxa8=Q Rxa8
22. g3 f2 23. Qa1 Qf3+ 24. Kc1 Qxh1+ 25. Kb2 f1=Q 26. gxh4 Qxa1+ 27. Rxa1 Qxh2
28. Rd1 Bg4 29. Kc1 Bxd1 30. Nxd1 Qxh4 31. Ne3 Qd4 32. Nd5 Qd3 33. Bc3 Rb8 34.
Kb2 Qxc4 0-1

[Event "Challenge"]
[Site "http://www.queenalice.com/game.php?id=1839877"]
[Date "2024.7.8"]
[Round "-"]
[White "bonow"]
[Black "giobonatto"]
[Result "0-1"]
[WhiteElo "2222"]
[BlackElo "2319"]

1. Nf3 f5 2. g3 Nf6 3. Bg2 g6 4. O-O a5 5. d3 Bg7 6. c4 d6 7. Nc3 e5 8. Bg5 Nc6
9. e3 Qe7 10. Nd5 Qf7 11. Bxf6 Bxf6 12. d4 e4 13. Nd2 a4 14. f3 exf3 15. Bxf3
Bg5 16. Ne4 fxe4 17. Bxe4 Qg7 18. h4 Bxe3+ 19. Nxe3 Bh3 20. Bxc6+ bxc6 21. Rf3
h5 22. b3 g5 23. Kh2 Kd7 24. Rf2 Rae8 25. Nf1 Rhf8 26. Qd2 gxh4 27. gxh4 Rxf2+
28. Qxf2 axb3 29. axb3 Qg4 30. Ra2 Bxf1 31. Qxf1 Qxh4+ 32. Qh3+ Qxh3+ 0-1

[Event "Challenge"]
[Site "http://www.queenalice.com/game.php?id=1843396"]
[Date "2024.9.8"]
[Round "-"]
[White "giobonatto"]
[Black "bonow"]
[Result "0-1"]
[WhiteElo "2317"]
[BlackElo "2229"]

1. d4 d5 2. c4 e6 3. Qa4+ Bd7 4. Qd1 Nf6 5. cxd5 exd5 6. a3 Be7 7. h3 c5 8. dxc5
Bxc5 9. e3 O-O 10. Nc3 Be6 11. Qc2 Nc6 12. b4 Bd6 13. Bb5 a5 14. Bxc6 bxc6 15.
e4 axb4 16. exd5 Nxd5 17. Nxd5 Bxd5 18. Ne2 Re8 19. Be3 b3 20. Qd2 Qe7 21. Rd1
Rxa3 22. Nc3 Bb4 23. O-O Bxc3 24. Qxc3 Qe4 25. Rxd5 Qxd5 26. Bd4 f6 27. Bxf6
gxf6 28. Qb4 Ra5 29. Rb1 Rb5 30. Qg4+ Kf7 31. Rd1 Qe6 32. Rd7+ Re7 33. Qxe6+
Kxe6 34. Rd1 Kf7 35. Kf1 Rc5 36. g4 b2 0-1

[Event "Challenge"]
[Site "http://www.queenalice.com/game.php?id=1843397"]
[Date "2024.9.8"]
[Round "-"]
[White "bonow"]
[Black "giobonatto"]
[Result "1-0"]
[WhiteElo "2244"]
[BlackElo "2291"]

1. d4 e5 2. dxe5 Bb4+ 3. Bd2 Qe7 4. Nf3 d5 5. Nc3 Be6 6. e4 Bxc3 7. Bxc3 dxe4 8.
Nd2 e3 9. fxe3 Nd7 10. Nf3 Nh6 11. Bd3 Nf5 12. Qe2 Nh4 13. O-O-O Nxf3 14. gxf3
Nc5 15. Rhg1 g6 16. Bb5+ c6 17. Bd3 O-O-O 18. Kb1 Qc7 19. f4 Na4 20. Be1 Rd7 21.
Rg3 Qb6 22. b3 Nc5 23. e4 Rhd8 24. Bc3 Bc4 25. Bb2 Qb4 26. Re3 a5 27. Qf3 h5 28.
f5 g5 29. h3 h4 30. e6 fxe6 31. f6 Ba6 32. c3 Rxd3 33. cxb4 Rxd1+ 34. Kc2 R8d2+
35. Kc3 Rd3+ 36. Kc2 R3d2+ 37. Kc3 Rd3+ 38. Kc2 Bc4 39. bxc5 b5 40. Qxd1 Rxd1
41. Kxd1 e5 42. bxc4 Kd7 43. cxb5 cxb5 44. Bxe5 Ke6 45. Ba1 1-0

[Event "Challenge"]
[Site "http://www.queenalice.com/game.php?id=1844494"]
[Date "2024.9.29"]
[Round "-"]
[White "jpribeiro"]
[Black "bonow"]
[Result "0-1"]
[WhiteElo "1674"]
[BlackElo "2257"]

1. e4 e5 2. d4 exd4 3. Qxd4 Nc6 4. Qe3 Be7 5. c4 Nf6 6. e5 Ng4 7. Qg3 d6 8. exd6
Bxd6 9. Qf3 O-O 10. Nc3 Be6 0-1

[Event "AUTO-OPEN-4529"]
[Site "http://www.queenalice.com/game.php?id=1847576"]
[Date "2024.11.22"]
[Round "2"]
[White "dave_j"]
[Black "bonow"]
[Result "0-1"]
[WhiteElo "1943"]
[BlackElo "2264"]

1. d4 d5 2. Nf3 Nf6 3. Nc3 Nc6 4. Bg5 e6 5. a3 Be7 6. e3 h6 7. Bxf6 Bxf6 8. Bb5
Bd7 9. O-O O-O 10. h3 a6 11. Bd3 Qe7 12. Ne2 e5 13. dxe5 Nxe5 14. Nxe5 Bxe5 15.
c3 c5 16. Re1 Qd6 17. f4 Bf6 18. b4 Rfe8 19. Qd2 Bh4 20. Rf1 Qe7 21. Rf3 b6 22.
g3 Bf6 23. g4 a5 24. Rb1 Bc6 25. b5 Bd7 26. a4 g6 27. Kh2 Bc8 28. Ng3 Bb7 29.
Re1 Bxc3 30. Qxc3 d4 31. exd4 Qxe1 32. Qxe1 Rxe1 33. Rf2 Rd8 34. f5 Rxd4 35.
fxg6 fxg6 36. Bxg6 Rxa4 37. Nf5 Rh1+ 38. Kg3 Ra3+ 0-1

[Event "AUTO-OPEN-4529"]
[Site "http://www.queenalice.com/game.php?id=1847577"]
[Date "2024.11.22"]
[Round "2"]
[White "bonow"]
[Black "dave_j"]
[Result "1-0"]
[WhiteElo "2261"]
[BlackElo "1946"]

1. e4 e6 2. d4 c5 3. d5 d6 4. Nc3 e5 5. Bb5+ Bd7 6. Nf3 h6 7. O-O Bxb5 8. Nxb5
a6 9. Nc3 Be7 10. Qd3 b5 11. a4 b4 12. Ne2 Nf6 13. Ng3 g6 14. a5 Nbd7 15. Bd2
Bf8 16. Qb3 Rb8 17. Rfe1 Qc7 18. Qa4 Be7 19. c3 bxc3 20. bxc3 Kf8 21. Reb1 Kg7
22. c4 Nh7 23. Qc6 Qa7 24. Be3 Rhc8 25. Qa4 Ndf6 26. Qc2 Bd8 27. Bd2 Qd7 28. h3
Ng8 29. Ra3 Rb7 30. Rxb7 Qxb7 31. Rb3 Qa7 32. Bc3 h5 33. Qb2 Bc7 34. Nxe5 dxe5
35. Bxe5+ f6 36. Rb7 1-0

[Event "AUTO-OPEN-4529"]
[Site "http://www.queenalice.com/game.php?id=1847582"]
[Date "2024.11.22"]
[Round "2"]
[White "bonow"]
[Black "chessman"]
[Result "1/2-1/2"]
[WhiteElo "2266"]
[BlackElo "1953"]

1. e4 e6 2. d4 d5 3. e5 c5 4. Nf3 cxd4 5. Nxd4 Nc6 6. Bb5 Bd7 7. Nc3 Nxe5 8.
Bxd7+ Nxd7 9. O-O Ngf6 10. Bf4 Bb4 11. Ncb5 e5 12. Qe2 O-O 13. Bxe5 a6 14. Bc7
Qc8 15. Bd6 Bxd6 16. Nxd6 Qc5 17. N4f5 b5 18. Rad1 h6 19. Rfe1 a5 20. Qxb5 Qxc2
21. Ne3 Qc5 22. Qxc5 Nxc5 23. Nxd5 Nxd5 24. Rxd5 Ne6 25. Nc4 Rfd8 26. Rxa5 Rxa5
27. Nxa5 Rd2 28. Nc4 Rc2 29. Ne3 Rxb2 30. a4 Ra2 31. f3 1/2-1/2

[Event "AUTO-OPEN-4529"]
[Site "http://www.queenalice.com/game.php?id=1847583"]
[Date "2024.11.22"]
[Round "2"]
[White "chessman"]
[Black "bonow"]
[Result "0-1"]
[WhiteElo "1886"]
[BlackElo "2260"]

1. e4 c5 2. Nf3 Nc6 3. d4 cxd4 4. Nxd4 Nxd4 5. Qxd4 d6 6. Be2 e5 7. Qd1 Nf6 8.
Nc3 Be7 9. O-O O-O 10. f3 Be6 11. Bg5 Qb6+ 12. Kh1 Qxb2 13. Qd2 Rac8 14. Bxf6
Bxf6 15. Nd5 Bxd5 16. Qxd5 Rxc2 0-1

[Event "Challenge"]
[Site "http://www.queenalice.com/game.php?id=1848448"]
[Date "2024.12.8"]
[Round "-"]
[White "giobonatto"]
[Black "bonow"]
[Result "1-0"]
[WhiteElo "2280"]
[BlackElo "2257"]

1. d4 d5 2. Bg5 h6 3. Bh4 Nf6 4. Bxf6 gxf6 5. e3 e5 6. c4 exd4 7. Qxd4 Nc6 8.
Qxd5 Be6 9. Qxd8+ Rxd8 10. Nc3 Bb4 11. Rc1 Na5 12. Nf3 Nxc4 13. a3 Bxc3+ 14.
Rxc3 Nxb2 15. Nd4 c6 16. Nxe6 fxe6 17. Rb3 Na4 18. Rxb7 Rd7 19. Rb8+ Rd8 20. Rb4
Nb6 21. g3 O-O 22. a4 c5 23. Rg4+ Kh7 24. Bb5 f5 25. Rh4 Rd6 26. Ke2 Rc8 27. g4
Rcd8 28. Rg1 a6 29. gxf5 Rd2+ 30. Kf3 Rf8 31. Be8 Rxf5+ 32. Ke4 Rfxf2 33. Rg6
Rxh2 34. Rgxh6+ Kg7 35. Rxh2 Rxh2 36. Rxh2 Kf6 37. a5 Nc4 38. Bd7 Nxa5 39. Rh6+
Ke7 40. Bxe6 c4 41. Bxc4 Nxc4 42. Rxa6 Nd6+ 43. Rxd6 Kxd6 44. Kd4 Ke7 45. Ke5
1-0

[Event "Challenge"]
[Site "http://www.queenalice.com/game.php?id=1848449"]
[Date "2024.12.8"]
[Round "-"]
[White "bonow"]
[Black "giobonatto"]
[Result "0-1"]
[WhiteElo "2246"]
[BlackElo "2291"]

1. e4 Nf6 2. e5 Nd5 3. c4 Nb6 4. d4 d6 5. exd6 cxd6 6. Nf3 g6 7. Be2 Bg7 8. Nc3
Bg4 9. Bg5 Qd7 10. O-O h6 11. Be3 Bxf3 12. Bxf3 Nxc4 13. Qb3 Na5 14. Qb5 Nac6
15. Rfd1 Na6 16. Rac1 Rb8 17. d5 Ne5 18. Qxd7+ Nxd7 19. Bxa7 Rc8 20. Be3 f5 21.
Be2 Kf7 22. Bb5 Rc7 23. f3 Bxc3 24. Rxc3 Rxc3 25. bxc3 Ndc5 26. Be2 Na4 27. Bd4
Rc8 28. c4 Nb4 29. Rd2 Ra8 30. a3 Na6 31. Rd1 N4c5 32. Rb1 Nd7 33. Rxb7 Ndc5 34.
Rb1 f4 35. h3 Nd7 36. Bc3 Nac5 37. Bb4 g5 38. Kf2 Ne5 39. Kg1 Ncd3 40. Bxd3 Nxd3
41. Kh2 Rb8 42. g3 Ne5 43. Kg2 Nxc4 44. h4 Nxa3 45. Rb2 Nc4 46. Rb1 Kg6 47. Kh3
Nd2 0-1

[Event "AUTO-OPEN-4529"]
[Site "http://www.queenalice.com/game.php?id=1852417"]
[Date "2025.2.18"]
[Round "3"]
[White "bonow"]
[Black "mestreRJ"]
[Result "0-1"]
[WhiteElo "2224"]
[BlackElo "2721"]

1. e4 e6 2. d4 d5 3. e5 c5 4. c3 Nc6 5. Nf3 Qb6 6. Na3 cxd4 7. cxd4 Bb4+ 8. Bd2
Nge7 9. Bxb4 Qxb4+ 10. Qd2 Bd7 11. O-O-O O-O 12. Qxb4 Nxb4 13. Nc2 Nxa2+ 14. Kb1
Ba4 15. Rd2 Bxc2+ 16. Kxc2 Rac8+ 17. Kd1 Rc1+ 18. Ke2 Rfc8 19. Kd3 Nf5 20. g4
Re1 21. Nxe1 Nc1# 0-1

[Event "Challenge"]
[Site "http://www.queenalice.com/game.php?id=1853709"]
[Date "2025.3.11"]
[Round "-"]
[White "bonow"]
[Black "giobonatto"]
[Result "0-1"]
[WhiteElo "2223"]
[BlackElo "2312"]

1. e4 c5 2. Nf3 Nc6 3. d4 Nxd4 4. Nxd4 cxd4 5. Qxd4 Qa5+ 6. Nc3 e5 7. Qd5 Bb4 8.
Qxa5 Bxa5 9. Bd2 a6 10. Bc4 d6 11. O-O-O Be6 12. Bxe6 fxe6 13. f4 exf4 14. Bxf4
Bxc3 15. bxc3 e5 16. Bg3 Ke7 17. Bh4+ Ke6 18. Rd3 Nh6 19. h3 b5 20. Kb2 Rhc8 21.
Rhd1 Nf7 22. Be7 Kxe7 23. Rf3 Rc4 24. Re3 Ng5 25. Rde1 Rf8 26. h4 Rxe4 27. Rxe4
Nxe4 28. Rxe4 Rf4 29. Rxf4 exf4 30. Kc1 Ke6 31. Kd2 Kf5 32. Ke2 Kg4 33. h5 g5
34. h6 Kg3 35. Kf1 g4 36. a3 d5 0-1

[Event "Challenge"]
[Site "http://www.queenalice.com/game.php?id=1853710"]
[Date "2025.3.11"]
[Round "-"]
[White "giobonatto"]
[Black "bonow"]
[Result "1-0"]
[WhiteElo "2302"]
[BlackElo "2234"]

1. d4 d5 2. c4 e6 3. Bd2 Nf6 4. e3 c5 5. Bd3 Nc6 6. Bc3 cxd4 7. exd4 Be7 8. Nf3
O-O 9. c5 b6 10. b4 e5 11. dxe5 Ng4 12. b5 Nb8 13. cxb6 axb6 14. h3 Nh6 15. a4
Nf5 16. Nbd2 Re8 17. Qc2 Qd7 18. a5 Bc5 19. a6 f6 20. Qa2 Qe6 21. a7 Nd7 22.
Bxf5 Qf7 23. Qc2 g6 24. Bd3 fxe5 25. Ne4 Bb7 26. Qa2 dxe4 27. Bc4 Bd5 28. Bxd5
1-0